Kanji Readings Quiz - 1st Grade - Statistics

General Stats
  • This quiz has been taken 213 times
  • The average score is 57 of 158
Answer Stats
Kanji On'yomi Kun'yomi % Correct
イチ、イツ a
99%
ニ、ジ a
93%
サン a
91%
a
85%
ロク a
82%
a
81%
ハチ、ハツ a
80%
キュウ、ク a
78%
シチ a
74%
ジュウ、ジュ、ジュッ a
73%
ヒャク a
69%
よ、よ(つ)、よっ(つ)、よん
69%
セン a
66%
なか
65%
なな(つ)、なの
65%
おお(きい)
64%
やま
62%
ひと、-り
61%
ひ、-び、-か
60%
ゲツ、ガツ a
59%
ちい(さい)、こ-
58%
ひと(つ)
57%
ふた(つ)
57%
かわ
57%
いぬ
57%
つき
56%
みぎ
56%
ひだり
56%
ニチ、ジツ a
55%
み、み(つ)、みっ(つ)
55%
うえ、うわ-、かみ
55%
55%
はな
55%
み(る)
54%
54%
き、こ-
54%
ジン、ニン a
53%
53%
53%
した、しも、さ(げる)、くだ(る)
52%
ダイ、タイ a
51%
ネン a
51%
エン a
51%
51%
おんな、め
51%
ホン a
50%
くち
50%
おとこ
49%
チュウ a
48%
テン a
48%
そら、あ(く)、から、す(く)
47%
みみ
47%
みず
46%
ド、ト a
45%
む、む(つ)、むっ(つ)、むい
45%
サン a
43%
セイ、ショウ a
43%
いつ(つ)
43%
はや(い)
42%
とし
41%
あし、た(りる)
41%
ここの(つ)
40%
ジョ a
39%
で(る)、だ(す)
39%
い(れる)、はい(る)
39%
モク a
38%
や、や(つ)、やっ(つ)、よう
38%
つち
37%
ひ、ほ-
37%
やす(む)
37%
むし
37%
キン、コン a
36%
た(つ)
36%
キ、ケ a
35%
ちから
35%
しろ
35%
い(きる)、う(む)、は(える)、き、なま、な(る)
33%
あめ
33%
セン a
32%
a
32%
とお
32%
32%
あか
32%
あお
32%
スイ a
31%
まち
31%
くるま
31%
もり
31%
くさ
31%
ジョウ a
30%
a
30%
おと
30%
ガク a
29%
コウ a
29%
ダン a
28%
カ、ゲ a
27%
ショウ a
27%
オン a
27%
はやし
27%
メイ、ミョウ a
26%
まる(い)
26%
クウ a
24%
シュ、ズ a
24%
さき、ま(ず)
24%
ゆう
24%
a
23%
シ、ス a
23%
ブン、モン a
23%
かね、かな
22%
セン a
21%
コウ a
21%
オウ a
21%
ただ(す)、まさ
21%
a
20%
ケン a
20%
もと
20%
むら
20%
たま
20%
リョク、リキ a
19%
シャ a
19%
いし
19%
あまつ、あめ、あま
19%
ユウ a
18%
リン a
18%
18%
ソウ a
17%
デン a
17%
チュウ a
16%
ケン a
16%
ニュウ a
16%
セイ、ショウ a
16%
たけ
16%
いと
16%
リツ a
15%
ハク、ビャク a
15%
モク a
14%
ソク a
14%
シュツ、スイ a
14%
ソウ a
13%
キュウ a
13%
もも
13%
かい
13%
セイ、ショウ a
12%
チョウ a
11%
まな(ぶ)
11%
セキ a
10%
a
9%
a
9%
シン a
8%
セキ、シャク a
8%
セキ a
6%
ソン a
6%
ふみ、あや
6%
ギョク a
5%
チク a
5%
バイ a
5%
a
4%
あざ
4%
No matching quizzes found
Score Distribution
Percent of People with Each Score
Percentile by Number Answered
Your Score History
You have not taken this quiz